|
|
|
|
| LEADER |
00000nab a2200000uu 4500 |
| 001 |
vtls010896928 |
| 003 |
SK-MaSNL |
| 005 |
20260303142335.0 |
| 008 |
230222|2008 xo |||||||||||||||||slo| |
| 015 |
|
|
|a SNBRB
|
| 035 |
|
|
|a (urnnbn)urn:nbn:sk:snk:ar-006mco
|
| 035 |
|
|
|a (uuid)0f677eb5-3c49-49a7-bb2d-373e008aa803
|
| 035 |
|
|
|a urn:nbn:sk:snk-ab8pgx
|
| 040 |
|
|
|a SNKBUCL
|b slo
|c SNKBUCL
|e AACR2
|
| 041 |
0 |
|
|a slo
|
| 044 |
|
|
|a xo
|c SK
|
| 100 |
1 |
|
|a Marko, Ľubomír,
|d 1962-
|4 aut
|9 224520
|
| 245 |
1 |
0 |
|a SLEEVE GASTREKTÓMIA :
|b Alternatíva liečby morbídnej obezity.
|c Ľ. Marko, M. Bakoš, P. Vladovič, R. Koreň
|
| 700 |
1 |
|
|a Bakoš, M.
|4 aut
|9 1077453
|
| 700 |
1 |
|
|a Vladovič, P.
|4 aut
|9 837099
|
| 700 |
1 |
|
|a Koreň, Roman
|4 aut
|9 614901
|
| 773 |
0 |
|
|t Miniinvazívna chirurgia a endoskopia
|g Roč. 12, č. 2 (2008), s. 25-29
|
| 954 |
|
|
|a odborná, vedecká literatúra pôvodná (slovenská)
|2 lita
|
| 958 |
|
|
|a OND
|
| 958 |
|
|
|a EUIPO
|
| 958 |
|
|
|a article10
|
| 999 |
|
|
|c 1982129
|d 1984059
|